00475 2200181 4500001002100000005001500021035002000036245004400056100001900100250001700119300003200136260003200168082001000200084001600210020002200226650001700248500002800265INLIS00000000000068220240907073636 a0010-09240000011 aKeterampilan Menyulam /cSiti Ambarwati0 aSiti Ambarwati aCetakan Ke-1 avi, 50 hlm :bIlus ;c21 cm aSurabaya :bJP Books,c2007 a745.5 a745.5 SIT k a978-979-3487-86-1 4aKeterampilan aSeri Keterampilan Dasar